000 00888nam a2200217Ii 4500
003 JO-AjNU
008 230605s9999||||xx |||||||||||||| ||und||
017 _a2006/8/2292
040 _aJO-AjNU
_bara
_erda
_cJO-AjNU
041 _aara
050 1 4 _aLB1028.M33 2011
100 3 _aعباس،محمد خليل مؤلف/نوفل،محمد بكر م.مشارك/العبسي،محمد مصطفى م.مشارك/أبو عواد،فريال محمد م،مشارك,
_eauthor
_928053
245 0 0 _aمدخل إلى مناهج البحث في التربية وعلم النفس
250 _aط3
264 3 1 _aعمان:دار المسيرة،2011
300 _a430ص
_bملحق:(393-428)
336 _atext
_btxt
_2rdacontent
337 _aunmediated
_bn
_2rdamedia
338 _avolume
_bnc
_2rdacarrier
650 4 _aالتعليم-مناهج البحث-علم النفس التربوي
_928054
999 _aA10833
_c14401
_d14401